MARC details
| 000 -CABECERA |
| campo de control de longitud fija |
01641nam a2200349 a 4500 |
| 001 - NÚMERO DE CONTROL |
| campo de control |
000047493 |
| 003 - IDENTIFICADOR DEL NÚMERO DE CONTROL |
| campo de control |
DO-SdBNP |
| 005 - FECHA Y HORA DE LA ÚLTIMA TRANSACCIÓN |
| campo de control |
20240305124236.0 |
| 007 - CAMPO FIJO DE DESCRIPCIÓN FÍSICA--INFORMACIÓN GENERAL |
| campo de control de longitud fija |
ta |
| 008 - DATOS DE LONGITUD FIJA--INFORMACIÓN GENERAL |
| campo de control de longitud fija |
150602s2017 dr r 000 0 spa d |
| 020 ## - NÚMERO INTERNACIONAL ESTÁNDAR DEL LIBRO |
| Número Internacional Estándar del Libro |
9789945590593 |
| 040 ## - FUENTE DE LA CATALOGACIÓN |
| Centro catalogador/agencia de origen |
DO-SdBNP |
| Lengua de catalogación |
spa |
| Centro/agencia transcriptor |
BNPHU |
| 082 #4 - NÚMERO DE LA CLASIFICACIÓN DECIMAL DEWEY |
| Número de edición |
22 |
| 245 00 - MENCIÓN DE TÍTULO |
| Título |
Nueve voces contando hasta diez : |
| Resto del título |
antología de cuentos premiados / |
| Mención de responsabilidad, etc. |
Johanna Díaz López...[et al.]. |
| 260 ## - PUBLICACIÓN, DISTRIBUCIÓN, ETC. |
| Lugar de publicación, distribución, etc. |
Santo Domingo : |
| Nombre del editor, distribuidor, etc. |
FUNGLODE, |
| Fecha de publicación, distribución, etc. |
2017. |
| 300 ## - DESCRIPCIÓN FÍSICA |
| Extensión |
133 p. ; |
| Dimensiones |
24 cm. |
| 490 1# - MENCIÓN DE SERIE |
| Mención de serie |
Premios FUNGLODE/ GFDD ; |
| -- |
Cuentos ; |
| 500 ## - NOTA GENERAL |
| Nota general |
10m. aniversario de premios FUNGLODE |
| 505 0# - NOTA DE CONTENIDO CON FORMATO |
| Información miscelánea |
Preámbulo -- |
| -- |
2007 -- |
| Título |
Silverio de tal -- |
| Mención de responsabilidad |
Johanna Díaz López / -- |
| Información miscelánea |
2008 -- |
| Título |
Menú para dos -- |
| Mención de responsabilidad |
Gerhard Viktor Schmidt Haberl / |
| Información miscelánea |
2009 -- |
| Título |
La casa solariega -- |
| Mención de responsabilidad |
Juan Freddy Armando / |
| Información miscelánea |
2010 -- |
| Título |
El intercambio -- |
| Mención de responsabilidad |
Fanny Vargas Bautista / |
| Información miscelánea |
2011 -- |
| Título |
El muñeco de trapos -- |
| Mención de responsabilidad |
Nan Chevalier / |
| Información miscelánea |
2012 -- |
| Título |
La verdadera muerte de Pedro Henríquez Ureña -- |
| Mención de responsabilidad |
Fernando Berroa / |
| Información miscelánea |
2013 -- |
| Título |
El calié -- |
| Mención de responsabilidad |
Félix Gerónimo / |
| Información miscelánea |
2014 -- |
| Título |
Con la misma moneda -- |
| Mención de responsabilidad |
Vladimir Tatis Pérez / |
| Información miscelánea |
2015 -- |
| Título |
El síndrome de Heinz -- |
| Mención de responsabilidad |
Leo Silverio / |
| 590 ## - NOTA LOCAL (RLIN) |
| Nota local |
Inventariado, 2018/ YL |
| 700 1# - PUNTO DE ACCESO ADICIONAL--NOMBRE DE PERSONA |
| Nombre de persona |
Díaz López, Johanna |
| 9 (RLIN) |
75119 |
| 700 1# - PUNTO DE ACCESO ADICIONAL--NOMBRE DE PERSONA |
| Nombre de persona |
Schmidt Haberl, Gerhard Viktor |
| 9 (RLIN) |
75120 |
| 700 1# - PUNTO DE ACCESO ADICIONAL--NOMBRE DE PERSONA |
| Nombre de persona |
Armando, Juan Freddy |
| 9 (RLIN) |
24389 |
| 700 1# - PUNTO DE ACCESO ADICIONAL--NOMBRE DE PERSONA |
| Nombre de persona |
Vargas Bautista, Fanny |
| 9 (RLIN) |
75121 |
| 700 1# - PUNTO DE ACCESO ADICIONAL--NOMBRE DE PERSONA |
| Nombre de persona |
Chevalier, Nan, |
| Fechas asociadas al nombre |
1965- |
| 9 (RLIN) |
350 |
| 700 1# - PUNTO DE ACCESO ADICIONAL--NOMBRE DE PERSONA |
| Nombre de persona |
Berroa, Fernando |
| 9 (RLIN) |
43136 |
| 700 1# - PUNTO DE ACCESO ADICIONAL--NOMBRE DE PERSONA |
| Nombre de persona |
Gerónimo, Félix |
| 9 (RLIN) |
69852 |
| 700 1# - PUNTO DE ACCESO ADICIONAL--NOMBRE DE PERSONA |
| Nombre de persona |
Tatis Pérez, Vladimir |
| 9 (RLIN) |
74011 |
| 700 1# - PUNTO DE ACCESO ADICIONAL--NOMBRE DE PERSONA |
| Nombre de persona |
Silverio, Leo |
| 9 (RLIN) |
75122 |
| 830 #0 - PUNTO DE ACCESO ADICIONAL DE SERIE-TÍTULO UNIFORME |
| Título uniforme |
Premios FUNGLODE/ GFDD |
| Información miscelánea |
Cuentos |
| 9 (RLIN) |
75123 |
| 942 ## - ELEMENTOS DE PUNTO DE ACCESO ADICIONAL (KOHA) |
| Fuente del sistema de clasificación o colocación |
Dewey Decimal Classification |
| Tipo de ítem Koha |
Libro |